Partnerships at Work : (Record no. 58869)
[ view plain ]
| 000 -LEADER | |
|---|---|
| fixed length control field | 01550nam a2200385 a 4500 |
| 001 - CONTROL NUMBER | |
| control field | 58869 |
| 003 - CONTROL NUMBER IDENTIFIER | |
| rucl marc code | BD-RjUL |
| 005 - DATE AND TIME OF LATEST TRANSACTION | |
| control field | 20211209080651.0 |
| 008 - FIXED-LENGTH DATA ELEMENTS--GENERAL INFORMATION | |
| fixed length control field | 161220s1997 xxu ||| | ||| | eng d |
| 035 ## - SYSTEM CONTROL NUMBER | |
| System control number | (BD-RjUL) 58993 |
| 040 ## - CATALOGING SOURCE | |
| Original cataloging agency | ericd |
| Language of cataloging | eng |
| Transcribing agency | ericd |
| Modifying agency | MvI |
| -- | BD-RjUL |
| 041 ## - LANGUAGE CODE | |
| Language code of text/sound track or separate title | eng |
| 082 ## - DEWEY DECIMAL CLASSIFICATION NUMBER | |
| Edition number | 23 |
| Author mark and year | PAR 1997 |
| Classification number | 361.3 |
| 110 2# - MAIN ENTRY--CORPORATE NAME | |
| Corporate name or jurisdiction name as entry element | Vermont Univ., Burlington. Dept. of Social Work. |
| 9 (RLIN) | 175040 |
| 245 10 - TITLE STATEMENT | |
| Title | Partnerships at Work : |
| Remainder of title | Lessons Learned from Programs and Practices of Families, Professionals and Communities / |
| Statement of responsibility, etc. | Kathleen Kirk Bishop, Ed., Mary Skidmore Taylor, Ed. and Polly Arango, Ed. |
| 260 ## - PUBLICATION, DISTRIBUTION, ETC. (IMPRINT) | |
| Place of publication, distribution, etc. | [Washington, D.C.] : |
| Name of publisher, distributor, etc. | Distributed by ERIC Clearinghouse, |
| Date of publication, distribution, etc. | c1997. |
| 300 ## - PHYSICAL DESCRIPTION | |
| Pagination | 126 p. : |
| Illustrations | ill. ; |
| Size | 26 cm. |
| 504 ## - BIBLIOGRAPHY, ETC. NOTE | |
| Bibliography, etc | Includes bibliographical references |
| 650 17 - SUBJECT ADDED ENTRY--TOPICAL TERM | |
| Topical term or geographic name as entry element | Cooperation. |
| Source of heading or term | ericd |
| 9 (RLIN) | 171669 |
| Topical term or geographic name as entry element | Family social work |
| 9 (RLIN) | 175547 |
| Topical term or geographic name as entry element | Family Programs. |
| Source of heading or term | ericd |
| 9 (RLIN) | 175041 |
| Topical term or geographic name as entry element | Integrated Services. |
| Source of heading or term | ericd |
| 9 (RLIN) | 175042 |
| Topical term or geographic name as entry element | Interprofessional Relationship. |
| Source of heading or term | ericd |
| 9 (RLIN) | 175043 |
| Topical term or geographic name as entry element | Program Descriptions. |
| Source of heading or term | ericd |
| 9 (RLIN) | 175044 |
| Topical term or geographic name as entry element | Social Services. |
| Source of heading or term | ericd |
| 9 (RLIN) | 175045 |
| 653 1# - INDEX TERM--UNCONTROLLED | |
| Uncontrolled term | Family Resource and Support Programs |
| Uncontrolled term | Family Support |
| 700 1# - ADDED ENTRY--PERSONAL NAME | |
| Personal name | Bishop, Kathleen Kirk, |
| Relator term | editor. |
| Personal name | Taylor, Mary Skidmore, |
| Relator term | editor. |
| Personal name | Arango, Polly, |
| Relator term | editor. |
| 710 2# - ADDED ENTRY--CORPORATE NAME | |
| Corporate name or jurisdiction name as entry element | Vermont Univ., Burlington. Dept. of Social Work. |
| 9 (RLIN) | 175040 |
| 942 ## - ADDED ENTRY ELEMENTS (KOHA) | |
| Source of classification or shelving scheme | Dewey Decimal Classification |
| Koha item type | Books |
| Lost status | Source of classification or shelving scheme | Damaged status | Not for loan | Collection code | Permanent Location | Current Location | Shelving location | Date acquired | Source of acquisition | Cost, normal purchase price | Total Checkouts | Full call number | Date last seen | Copy number | Koha item type |
|---|---|---|---|---|---|---|---|---|---|---|---|---|---|---|---|
| Dewey Decimal Classification | Not For Loan | Non-fiction | Central Library, University of Rajshahi | Central Library, University of Rajshahi | Reading Room | 26/02/1998 | Prof. Profullo Chandra Ray, Dept. of Social Work, RU. | 1024.00 | 361.3 PAR 1997 | 20/12/2016 | C-1 | Books |